Kinurénsav és analógjai neuromoduláló hatásának vizsgálata N-metil-D-aszpartáttal kiváltott excitotoxicitással szemben egér agyszöveten

Elmentve itt :
Bibliográfiai részletek
Szerző: Balog Emma
További közreműködők: Kis Zsolt (Témavezető)
Dokumentumtípus: Szakdolgozat
Megjelent: 2020
Tárgyszavak:
Online Access:http://diploma.bibl.u-szeged.hu/110205
LEADER 00948nta a2200205 i 4500
001 dipl110205
005 20210324072308.0
008 210324s2020 hu om 0|| zxx d
040 |a SZTE Diploma Repozitórium  |b hun 
041 |a zxx 
100 1 |a Balog Emma 
245 1 0 |a Kinurénsav és analógjai neuromoduláló hatásának vizsgálata N-metil-D-aszpartáttal kiváltott excitotoxicitással szemben egér agyszöveten  |h [elektronikus dokumentum] /  |c Emma Balog 
246 1 0 |a Investigation of the neuromodulatory effect of the kynurenic acid and its analogs on excitotoxicity induced by N-methyl-D-aspartate in mouse brain tissue  |h [elektronikus dokumentum] 
260 |c 2020 
650 4 |a Természettudományok 
650 4 |a Natural sciences 
650 4 |a Biological sciences 
650 4 |a Biochemistry and molecular biology 
700 1 |a Kis Zsolt  |e ths 
856 4 0 |u http://diploma.bibl.u-szeged.hu/id/eprint/110205/1/2020_balog_emma.pdf  |z Dokumentum-elérés